Plan de negocios para la creación de una empresa coordinadora integral de comercio exterior (FORWARDER), en la ciudad de Oruro / (Registro nro. 16139)

Detalles MARC
000 -LEADER
campo de control de longitud fija 01757nam a2200301 4500
003 - IDENTIFICADOR DE NÚMERO DE CONTROL
campo de control BOFEUTO
005 - FECHA Y HORA DE LA ÚLTIMA TRANSACCIÓN
campo de control 20260512114151.0
008 - DATOS DE LONGITUD FIJA--INFORMACIÓN GENERAL
campo de control de longitud fija 260504t2023 bo a gr 001 | spa d
040 ## - FUENTE DE CATALOGACIÓN
Enlace BOFEUTO
Centro catalogador/agencia de origen BOFEUTO
Centro/agencia transcriptor BOFEUTO
041 ## - CÓDIGO DE IDIOMA
Código de lengua del texto/banda sonora o título independiente spa
044 ## - CÓDIGO DEL PAÍS DE LA ENTIDAD EDITORA/PRODUCTORA
Código MARC del país bo
082 ## - NÚMERO DE LA CLASIFICACIÓN DECIMAL DEWEY
Número de clasificación TE6284
Número de ítem C683p
100 ## - ENTRADA PRINCIPAL--NOMBRE DE PERSONA
Nombre de persona Colque Churata, Victor Hugo
Término indicativo de función/relación autor
245 ## - MENCIÓN DEL TÍTULO
Título Plan de negocios para la creación de una empresa coordinadora integral de comercio exterior (FORWARDER), en la ciudad de Oruro /
Mención de responsabilidad, etc. Victor Hugo Colque Churata, Douglas Guzmán Gutiérrez
260 ## - PUBLICACIÓN, DISTRIBUCIÓN, ETC.
Lugar de publicación, distribución, etc. Oruro :
Nombre del editor, distribuidor, etc. s/n,
Fecha de publicación, distribución, etc. 2023.
300 ## - DESCRIPCIÓN FÍSICA
Extensión 150 hojas ;
Otras características físicas tabl., gráf. ;
Dimensiones 28.5 cm.
500 ## - NOTA GENERAL
Nota general Incluye bibliografía, anexos.
502 ## - NOTA DE TESIS
Nota de tesis Tesis Dirigida - Plan de Negocios, (Licenciatura) -- Universidad Técnica de Oruro, Facultad de Ciencias Económicas, Financieras y Administrativas, Carrera Administración de Empresas, 2023.
520 ## - RESUMEN, ETC.
Sumario, etc. El presente plan de negocios propone la creación de una Empresa Coordinadora Integral de Comercio Exterior (Forwarder) en la ciudad de Oruro, orientada a brindar soluciones logísticas integrales para operaciones de importación y exportación. La iniciativa surge como respuesta a la creciente necesidad de las empresas locales y regionales - especialmente de los sectores minero, comercial, industrial y productivo - de contar con un aliado estratégico que optimice tiempos, costos y procesos en la gestión del comercio exterior, en un contexto de mercados cada vez más competitivos y regulados.
650 ## - PUNTO DE ACCESO ADICIONAL DE MATERIA--TÉRMINO DE MATERIA
Término de materia o nombre geográfico como elemento de entrada Administración
653 ## - TÉRMINO DE INDIZACIÓN--NO CONTROLADO
Término no controlado Negocio
653 ## - TÉRMINO DE INDIZACIÓN--NO CONTROLADO
Término no controlado Análisis de mercado
653 ## - TÉRMINO DE INDIZACIÓN--NO CONTROLADO
Término no controlado Análisis FODA
653 ## - TÉRMINO DE INDIZACIÓN--NO CONTROLADO
Término no controlado Análisis 5 fuerzas de Porter
700 ## - ENTRADA AGREGADA--NOMBRE PERSONAL
Nombre de persona Guzmán Gutiérrez, Douglas
Término indicativo de función/relación tutor
942 ## - ELEMENTOS DE ENTRADA SECUNDARIOS (KOHA)
Fuente del sistema de clasificación o colocación Clasificación Decimal Dewey
Tipo de ítem Koha Tesis
Suprimir en OPAC No
942 ## - ELEMENTOS DE ENTRADA SECUNDARIOS (KOHA)
Suprimir en OPAC No
Fuente del sistema de clasificación o colocación Clasificación Decimal Dewey
Existencias
Estatus retirado Estado de pérdida Fuente del sistema de clasificación o colocación Estado de daño No para préstamo Biblioteca de origen Biblioteca actual Ubicación en estantería Fecha de adquisición Fuente de adquisición Número de inventario Total de préstamos Signatura topográfica completa Código de barras Visto por última vez Copia número Precio de reemplazo Tipo de ítem Koha
No dañado Disponible Clasificación Decimal Dewey No Dañado Disponible Biblioteca Central Biblioteca Central Fondo General 04/05/2026 Donación 6284   TE6284/C683p/2023 TE6284 12/05/2026 Ej. 1 12/05/2026 Tesis

Biblioteca Central
Dirección: Calle Cochabamba entre 6 de Octubre y Potosí s/n
Teléfono: (591-2)5281707 - 2-52-38450
Contacto: biblioteca.central@gmail.com